Bardejovské Kúpele Kúpeľný park, v pozadí Ľudový prameň : Liečebný dom Alžbeta : Kúpeľný dom : Liečebný dom Dukla

Zobrazenie:

Bibliographic Details
Other Authors: Vrbovský, František (fotograf) (Photographer), Jiroušek, Alexander, 1934-2021 (Photographer), Šurkala, J. (fotograf) (Photographer)
Format: Photo
Language:Slovak
PhysicalDescription:1 pohľadnica (4 čiastkové pohľady) farebná 11 x 15 cm
Published: Bratislava ČSTK-Pressfoto 1989
Subjects:

MARC

LEADER 00000ckm a2200000 a 4500
001 vtls001204174
003 SK-MaSNL
005 20260331203028.0
007 kf co
008 180703s1989 xo g 0kuslo
015 |a SNBG1989 
035 |a SNK000147244 
040 |a SNK  |b slo  |c SNK  |e AACR2 
041 0 |a slo 
043 |a e-xo--- 
044 |a xo  |c SK 
072 7 |a 913  |x Regionálna geografia  |2 konspekt 
080 |a 913(437.6)  |2 2011 
080 |a (084.121)  |2 2011 
100 1 |a Vrbovský, František  |c (fotograf)  |4 pht  |9 283300 
245 1 0 |a Bardejovské Kúpele  |h grafika  |b Kúpeľný park, v pozadí Ľudový prameň : Liečebný dom Alžbeta : Kúpeľný dom : Liečebný dom Dukla  |c foto: F. Vrbovský, A. Jiroušek, J. Šurkala ; výtvarný návrh: J. Smola 
260 |a Bratislava  |b ČSTK-Pressfoto  |c 1989  |e Skalica  |f Grafobal 
300 |a 1 pohľadnica (4 čiastkové pohľady)  |b farebná  |c 11 x 15 cm 
520 8 |a Zobrazenie: 
651 7 |a Bardejovské Kúpele (Bardejov, Slovensko)  |2 SNKPHgeo  |9 187552 
655 7 |a miestne pohľadnice  |2 SNKPH  |9 70510 
700 1 |a Jiroušek, Alexander,  |d 1934-2021  |4 pht  |9 223957 
700 1 |a Šurkala, J.  |c (fotograf)  |4 pht  |9 302956 
700 1 |a Smola, Jozef  |c (grafik)  |4 art  |9 283315 
958 |a GBN 
958 |a GC 
958 |a OND 
999 |c 783713  |d 785643 
952 |a SNK  |b SNK  |y PREZ  |7 0  |p 17A1290651  |o snkSP 141156  |i snk1633/89  |0 0  |1 0  |4 0  |d 2021-08-17  |l 0  |r 2026-02-24 01:12:18  |w 2026-02-24 
952 |a SNK  |b SNK  |y PREZ  |7 0  |p 17A1290650  |o snkSP 141156 D1  |i snk1634/89  |0 0  |1 0  |4 0  |d 2021-08-17  |l 0  |r 2026-02-24 01:12:18  |w 2026-02-24